| Поле | Инд. | ПП | Название | Значение |
|---|---|---|---|---|
| Тип записи | a | |||
| Библиографический уровень | a | |||
| 001 | Контрольный номер | 529fcea0d954479fad678fdbfe2c3b3d | ||
| 005 | Дата корректировки | 20260702125319.4 | ||
| 040 | a | Служба первич. каталог. | 10013504 | |
| 041 | 0_ | a | Код языка текста | rus |
| 100 | 1_ | a | Автор | Васильев В.Н. |
| q | Полное имя | Васильев В.Н. | ||
| 245 | 10 | a | Заглавие | Исследование работы релейного самонастраивающегося контура демпфирования гипотетического летательного аппарата при наличии помех |
| 504 | a | Библиография | Библиогр.: с. 94 (5 назв.) | |
| 653 | 0_ | a | Ключевые слова | АВТОР МАИ |
| 700 | 12 | a | Другие авторы | Дорогов В.Н. |
| q | Полное имя | Дорогов В.Н. | ||
| 773 | 18 | a | Заголовок основной записи | Московский авиационный институт им. С. Орджоникидзе |
| w | Контрольный № источника | fbfa3087e78d41ac9e797376397df740 | ||
| t | Название источника | Труды института | ||
| d | Место и дата издания | Москва : МАИ, 1970 | ||
| g | Прочая информация | Вып. 216. - С. 85-94 | ||
| 901 | t | Тип документа | a |